Михаил Фокин. "Половецкие пляски" (Запись № 13509108)

Подробности
000 -МАРКЕР
контрольное поле 04004nkm0a2200493 4500
001 - ИДЕНТИФИКАТОР ЗАПИСИ
контрольное поле RU\NLR\BIBL_A\011740828
005 - ИДЕНТИФИКАТОР ВЕРСИИ
контрольное поле 20260406071127.0
035 ## - ДРУГИЕ СИСТЕМНЫЕ НОМЕРА
Идентификатор записи (NLR Aleph) 011740828
100 ## - ДАННЫЕ ОБЩЕЙ ОБРАБОТКИ
Данные общей обработки 20251228 rusy50
101 0# - ЯЗЫК РЕСУРСА
Язык текста, звукозаписи и т.д. русский
102 ## - СТРАНА ПУБЛИКАЦИИ ИЛИ ПРОИЗВОДСТВА
Страна публикации российская федерация
116 ## - ПОЛЕ КОДИРОВАННЫХ ДАННЫХ: ИЗОБРАЗИТЕЛЬНЫЕ МАТЕРИАЛЫ
Кодированные данные для изобразительных материалов. fiybxx xx ae
135 ## - ПОЛЕ КОДИРОВАННЫХ ДАННЫХ: ЭЛЕКТРОННЫЕ РЕСУРСЫ
Кодированные данные для электронного ресурса crcn 024anaba
200 1# - ЗАГЛАВИЕ И СВЕДЕНИЯ ОБ ОТВЕТСТВЕННОСТИ
Основное заглавие Михаил Фокин. "Половецкие пляски"
Общее обозначение материала Изоматериал
Сведения, относящиеся к заглавию [открытка]
210 ## - ПУБЛИКАЦИЯ, РАСПРОСТРАНЕНИЕ И ДР.
Место издания, распространения и т.д. [Б. м.
Имя издателя, распространителя и т. д. б. и.
Дата издания, распространения и т.д. между 1909 и 1917]
215 ## - ФИЗИЧЕСКАЯ ХАРАКТЕРИСТИКА
Специфическое обозначение материала и объем 1 л.
Другие сведения о физической характеристике фотография
Размеры 13,7х8,7
316 ## - ПРИМЕЧАНИЯ ОБ ОСОБЕННОСТЯХ ЭКЗЕМПЛЯРА
Текст примечания Экз. РНБ на шифре Э ОП/Ф754, Эп23798: на адрес. стороне штамп антикварно-букинистического магазина, владел. штемпель: "Н.И. Алексеев"
Организация и экземпляр, к которому относится поле NLR: Э ОП/Ф754
325 1# - ПРИМЕЧАНИЕ О КОПИИ
Текст примечания Копия доступна в электронной библиотеке РНБ
327 0# - ПРИМЕЧАНИЯ О СОДЕРЖАНИИ
Текст примечания М.М. Фокин в сцене из одноактного балета - хореографической картины из оперы А.П. Бородина "Князь Игорь"
600 #1 - ИМЯ ЛИЦА КАК ПРЕДМЕТ
Начальный элемент ввода Фокин
Часть имени, кроме начального элемента ввода М.М.
Даты 1880 - 1942
Расширение инициалов личного имени Михаил Михайлович
Формальный подзаголовок Открытки
Системный номер авторитетной/нормативной записи 1076786
Идентификатор авторитетной/нормативной записи RU\NLR\AUTH\66101559
604 ## - ИМЯ И ЗАГЛАВИЕ КАК ПРЕДМЕТ
Связываемые данные 700#1$aБородин$bА.П.$gАлександр Порфирьевич$f1833 - 1887
-- 500##$a"Половецкие пляски"$jОткрытки$2nlr_sh2$3RU\NLR\AUTH\6601646164
Идентификатор авторитетной/нормативной записи RU\NLR\AUTH\6601646164
Имя лица Бородин, Александр Порфирьевич (1833 - 1887)
Заглавие "Половецкие пляски"
Формальный подзаголовок Открытки
Системный номер авторитетной/нормативной записи 2390746
606 1# - НАИМЕНОВАНИЕ ТЕМЫ КАК ПРЕДМЕТ
Наименование темы Почтовые открытки маркированные художественные
Географический подзаголовок Россия
Хронологический подзаголовок 1895 - 1917
Системный номер авторитетной/нормативной записи 2195710
Идентификатор авторитетной/нормативной записи RU\NLR\AUTH\6601555036
606 1# - НАИМЕНОВАНИЕ ТЕМЫ КАК ПРЕДМЕТ
Наименование темы Фотографические открытки
Системный номер авторитетной/нормативной записи 2151039
Идентификатор авторитетной/нормативной записи RU\NLR\AUTH\661600135
610 1# - НЕКОНТРОЛИРУЕМЫЕ ПРЕДМЕТНЫЕ ТЕРМИНЫ
Предметный термин Портретные открытки
686 1# - ИНДЕКСЫ ДРУГИХ КЛАССИФИКАЦИЙ
Индекс Щ153(2Р=Рус)53-489
702 #1 - ИМЯ ЛИЦА - ВТОРИЧНАЯ ОТВЕТСТВЕННОСТЬ
Начальный элемент ввода Фокин
Часть имени, кроме начального элемента ввода М. М.
Даты 1880-1942
Расширение инициалов личного имени Михаил Михайлович
Код отношения Прочие
702 #1 - ИМЯ ЛИЦА - ВТОРИЧНАЯ ОТВЕТСТВЕННОСТЬ
Код отношения Прочие
Материалы, к которым относится поле rus
Графика поля Кириллица
Начальный элемент ввода Бородин
Часть имени, кроме начального элемента ввода А. П.
Даты 1833-1887
Расширение инициалов личного имени Александр Порфирьевич
Идентификатор авторитетной/нормативной записи RU\NLR\AUTH\7716261
Системный номер авторитетной/нормативной записи 125901
702 #1 - ИМЯ ЛИЦА - ВТОРИЧНАЯ ОТВЕТСТВЕННОСТЬ
Код отношения Бывший владелец
Начальный элемент ввода Алексеев
Часть имени, кроме начального элемента ввода Н. И.
Дополнения к именам, кроме дат коллекционер
Системный номер авторитетной/нормативной записи 143437
Идентификатор авторитетной/нормативной записи RU\NLR\AUTH\770143473
830 ## - ОБЩЕЕ ПРИМЕЧАНИЕ, СОСТАВЛЕННОЕ КАТАЛОГИЗАТОРОМ
Текст примечания Границы датировки открытки: 1909 - по первому исполнению "Половецких плясок"; 1917 - по дореформенной орфографии. А.Я. ОЭст
830 ## - ОБЩЕЕ ПРИМЕЧАНИЕ, СОСТАВЛЕННОЕ КАТАЛОГИЗАТОРОМ
Текст примечания "1909 ... 19 мая. Париж ... Первое исполнение "Половецких плясок" из оперы "Князь Игорь"" (Михаил Фокин : [фотоальбом]. Санкт-Петербург : Арт Деко, 2011. (Легенды русского балета). С. 146, 149). А.Я. ОЭст
830 ## - ОБЩЕЕ ПРИМЕЧАНИЕ, СОСТАВЛЕННОЕ КАТАЛОГИЗАТОРОМ
Текст примечания ""ПОЛОВЕЦКИЕ ПЛЯСКИ", балетный фрагмент 2-го действия оперы А. П. Бородина "Князь Игорь". ... Как самостоят. одноактный балет, 19.5.1909, Русские сезоны, театр "Шатле", Париж, балетм. М. М. Фокин" (http://www.ballet-enc.ru/html/p/poloveckie-pl8ski.html, 09.10.2018). А.Я. ОЭст
852 00 - МЕСТОНАХОЖДЕНИЕ И ШИФР ХРАНЕНИЯ
Идентификатор организации NLR
Наименование фонда или коллекции (Sub-Location Identifier) Э
Шифр хранения (Call Number) ОП/Ф754
Идентификатор единицы Эп23798
856 #0 - МЕСТОНАХОЖДЕНИЕ ЭЛЕКТРОННЫХ РЕСУРОВ И ДОСТУП К НИМ
Универсальный идентификатор ресурса (Uniform Resource Identifier) http://vivaldi.nlr.ru/lo000071819/view
856 #1 - МЕСТОНАХОЖДЕНИЕ ЭЛЕКТРОННЫХ РЕСУРОВ И ДОСТУП К НИМ
Универсальный идентификатор ресурса (Uniform Resource Identifier) http://vivaldi.nlr.ru/lo000071819/cover
856 #2 - МЕСТОНАХОЖДЕНИЕ ЭЛЕКТРОННЫХ РЕСУРОВ И ДОСТУП К НИМ
Универсальный идентификатор ресурса (Uniform Resource Identifier) http://vivaldi.nlr.ru/lo000071819/text
901 ## - ДАННЫЕ ОБ ОБЪЕКТЕ ОЦИФРОВКИ
-- Изографические материалы
942 ## - ДОПОЛНИТЕЛЬНЫЕ ЭЛЕМЕНТЫ ЗАПИСИ (АБИС)
Тип экземпляра АБИС Визуальный материал
980 ## - КОЛЛЕКЦИЯ
Название коллекции Национальная библиография
981 17 - КОЛЛЕКЦИЯ ЭЛЕКТРОННОЙ БИБЛИОТЕКИ
Название коллекции Изографические материалы
Название подколлекции Открытки
--

Нет доступных экземпляров.